000 004320000a22001810004500
003 MACL
005 20151004154916.0
008 151004b xxu||||| |||| 00| 0 eng d
040 _aMACL
_cMACL
041 _aEnglish
082 _a910/PAL
100 _aPal, Dharm
_913758
245 _aRajasthan
260 _bNatinoal Book Trust
_c1968
_aNew Delhi
350 _a4.50
650 _aGeography & Travel
_913759
942 _cBK
_k910
_2ddc
999 _c7756
_d7756